Biggest World Cities Ending in O - Statistics

General Stats
  • This quiz has been taken 282 times
  • The average score is 9 of 20
Answer Stats
Population City % Correct
39.8 mil Tokyo
90%
17.1 mil Cairo
68%
12.7 mil Rio de Janeiro
64%
21.9 mil São Paulo
64%
9.8 mil Chicago
63%
7.2 mil Toronto
63%
7.2 mil Santiago
61%
7.7 mil San Francisco
57%
2.6 mil Quito
47%
3.3 mil San Diego
47%
3.2 mil Orlando
46%
3.8 mil Santo Domingo
36%
2.5 mil Sapporo
32%
4.3 mil Kano
31%
3.0 mil Bamako
28%
4.7 mil Colombo
27%
2.5 mil Maracaibo
16%
3.4 mil Ningbo
13%
5.9 mil Qingdao
11%
3.4 mil Zibo
9%
No matching quizzes found
Score Distribution
Percent of People with Each Score
Percentile by Number Answered
Your Score History
You have not taken this quiz